El gobierno de sí y de los otros: Curso en el College de France, 1982-1983

Збережено в:
Бібліографічні деталі
Автор: Foucault, Michel (Автор)
Інші автори: Pons, Horacio (traductor)
Формат: Книга
Мова:Іспанська
Опубліковано: Ciudad de México Fondo de Cultura Económica 2009
Редагування:1a. ed
Серія:Sección de Obras de Sociología
Предмети:
Теги: Додати тег
Немає тегів, Будьте першим, хто поставить тег для цього запису!

MARC

LEADER 00000cam a2200000 a 4500
001 UCH7339
003 CL-VaPUC
005 20241127104740.0
008 091112e20090000MX |||||||||||||||||spa|d
999 |c 337985  |d 337983 
020 |a 9789505578146 
040 |c Pontificia Universidad Católica de Valparaíso 
082 0 4 |a 301  |b FOU  |2 21 
100 |a Foucault, Michel  |e author  |9 257945 
245 1 3 |a El gobierno de sí y de los otros: Curso en el College de France, 1982-1983 
250 |a 1a. ed 
260 |a Ciudad de México  |b Fondo de Cultura Económica  |c 2009 
300 |a 429 p 
490 0 |a Sección de Obras de Sociología 
583 |a last modification  |c 20131011 07:00:59  |k Rodrigo Vera 
650 0 |a Sociología   |9 255410 
700 1 |a Pons, Horacio  |e traductor  |9 864357 
942 |c BK  |2 ddc 
945 |d 20091112 00:00:00  |a rbrito 
952 |0 0  |1 0  |4 0  |6 301_000000000000000_FOU_2009  |7 0  |8 A  |9 430709  |a BIBGIM  |b BIBGIM  |d 2019-11-22  |i 4617010  |o 301 FOU 2009  |p 4617010  |r 2025-01-15  |w 2019-11-22  |y BK  |k MTS 
952 |0 0  |1 0  |4 0  |6 301_000000000000000_FOU_2009  |7 0  |8 A  |9 430710  |a BIBGIM  |b BIBGIM  |d 2019-11-22  |i 4617029  |o 301 FOU 2009  |p 4617029  |r 2025-01-15  |w 2019-11-22  |y BK  |k MTS 
952 |0 0  |1 0  |4 0  |6 301_000000000000000_FOU_2009  |7 0  |8 A  |9 430711  |a FDOPOS  |b FDOPOS  |d 2019-11-22  |i 4621654  |o 301 FOU 2009  |p 4621654  |r 2019-11-22  |w 2019-11-22  |y BK  |k DLH 
952 |0 0  |1 0  |4 0  |6 301_000000000000000_FOU_2009  |7 0  |8 A  |9 430712  |a BIBHIS  |b BIBHIS  |d 2019-11-22  |i 4730593  |l 1  |o 301 FOU 2009  |p 4730593  |r 2025-04-23  |s 2025-04-23  |w 2019-11-22  |y BK  |k HIS 
952 |0 0  |1 0  |4 0  |6 301_000000000000000_FOU_2009  |7 0  |8 A  |9 430713  |a BIBHIS  |b BIBHIS  |d 2019-11-22  |i 4730607  |l 1  |o 301 FOU 2009  |p 4730607  |r 2025-01-20  |s 2023-03-22  |w 2019-11-22  |y BK  |k HIS 
952 |0 0  |1 0  |4 0  |6 301_000000000000000_FOU_2009  |7 0  |8 R  |9 430714  |a BIBEDU  |b BIBEDU  |d 2019-11-22  |i 4805372  |o 301 FOU 2009  |p 4805372  |r 2019-11-22  |w 2019-11-22  |y BK_R  |k FIL 
952 |0 0  |1 0  |4 0  |6 301_000000000000000_FOU_2009  |7 0  |8 DER_TF  |9 430715  |a BIBDER  |b BIBDER  |d 2019-11-22  |i 4869397  |o 301 FOU 2009  |p 4869397  |r 2023-01-25  |w 2019-11-22  |x Ubicación 4to Piso  |y BK  |z Estos recursos deben solicitarse con anticipación  |k DER 
952 |0 0  |1 0  |4 0  |6 301_000000000000000_FOU_2009  |7 0  |8 A  |9 430716  |a BIBART  |b BIBART  |d 2019-11-22  |i 4882431  |o 301 FOU 2009  |p 4882431  |r 2025-03-13  |w 2019-11-22  |y BK  |k ART 
952 |0 0  |1 0  |3 erb  |4 0  |6 301_000000000000000_FOU_2009  |7 0  |8 R  |9 430717  |a BIBEDU  |b BIBEDU  |c MCIRC  |d 2019-11-22  |i 5019346  |o 301 FOU 2009  |p 5019346  |r 2023-01-13  |w 2019-11-22  |y BK_R  |z Catalogado en:20131018  |k PSI 
952 |0 0  |1 0  |2 ddc  |3 erb  |4 0  |6 301_000000000000000_FOU_2009  |7 0  |8 A  |9 430718  |a BIBING  |b BIBING  |i 5069890  |o 301 FOU 2009  |p 5069890  |r 2025-01-20  |w 2019-11-22  |y BK  |z Catalogado en:20140502  |k GEO 
952 |0 0  |1 0  |3 erb  |4 0  |6 301_000000000000000_FOU_2009  |7 0  |8 R  |9 430719  |a BIBEDU  |b BIBEDU  |c MCIRC  |i 5196949  |o 301 FOU 2009  |p 5196949  |r 2023-01-13  |w 2019-11-22  |y BK_R  |z Catalogado en:20150904  |k FIL 
952 |0 0  |1 0  |3 erb  |4 0  |6 301_000000000000000_FOU_2009  |7 0  |8 R  |9 430720  |a BIBEDU  |b BIBEDU  |c MCIRC  |i 5367840  |l 1  |m 1  |o 301 FOU 2009  |p 5367840  |r 2025-01-13  |s 2024-12-12  |w 2019-11-22  |y BK_R  |z Catalogado en:20170326  |k FIL